Der Biobund im nationalen Deutschland / (Record no. 38163)

MARC details
000 -LEADER
fixed length control field 01586ctm a2200361 a 4500
001 - CONTROL NUMBER
control field med47000741
003 - CONTROL NUMBER IDENTIFIER
control field DLC
005 - DATE AND TIME OF LATEST TRANSACTION
control field 20260227111600.0
008 - FIXED-LENGTH DATA ELEMENTS--GENERAL INFORMATION
fixed length control field 810625s1933 xx af 000 0 ger
010 ## - LIBRARY OF CONGRESS CONTROL NUMBER
LC control number med47000741
040 ## - CATALOGING SOURCE
Original cataloging agency DLC
Transcribing agency DLC
Modifying agency DLC
043 ## - GEOGRAPHIC AREA CODE
Geographic area code e-gx---
050 00 - LIBRARY OF CONGRESS CALL NUMBER
Classification number RM130
Item number .B5
110 2# - MAIN ENTRY--CORPORATE NAME
Corporate name or jurisdiction name as entry element Biochemischer Bund Deutschlands.
245 14 - TITLE STATEMENT
Title Der Biobund im nationalen Deutschland /
Statement of responsibility, etc. von Bundespräsident Walter Hayn, Potsdam.
246 14 - VARYING FORM OF TITLE
Title proper/short title Deutsche Volksheilbewegung
260 ## - PUBLICATION, DISTRIBUTION, ETC.
Date of publication, distribution, etc. 1933.
300 ## - PHYSICAL DESCRIPTION
Extent 36 p., [11] leaves of plates ([1] folded) :
Other physical details ill. (some col.) ;
Dimensions 30 cm.
500 ## - GENERAL NOTE
General note Typescript.
500 ## - GENERAL NOTE
General note "Die deutsche Volksheilbewegung : der Biobund in national-sozialistischen Deutschland. Dem Kanzler des neuen Deutschland Adolf Hitler"--Cover.
500 ## - GENERAL NOTE
General note Issues of two journals: "Der Berater, offizielles Organ des Verbandes biochemischer Berater e.V. Potsdam, 3. Jahrg., Heft 6, 1933" (p. 123-144) and "Zeitschrift für Biochemie, volkstümliches Fachorgan für Mineralstoffe. 32. Jahrg., Nummer 5, Mai 1933" (p. [67]-80) inserted.
510 4# - CITATION/REFERENCES NOTE
Name of source Gassert & Mattern. Hitler library,
Location within source 384
561 ## - OWNERSHIP AND CUSTODIAL HISTORY
Institution to which field applies DLC
650 #0 - SUBJECT ADDED ENTRY--TOPICAL TERM
Topical term or geographic name entry element Medicine, Biochemic.
610 20 - SUBJECT ADDED ENTRY--CORPORATE NAME
Corporate name or jurisdiction name as entry element Biochemischer Bund Deutschlands.
650 #0 - SUBJECT ADDED ENTRY--TOPICAL TERM
Topical term or geographic name entry element National socialism and medicine.
650 #0 - SUBJECT ADDED ENTRY--TOPICAL TERM
Topical term or geographic name entry element Medicine
Geographic subdivision Germany.
700 1# - ADDED ENTRY--PERSONAL NAME
Personal name Hayn, Walter.
700 1# - ADDED ENTRY--PERSONAL NAME
Personal name Hitler, Adolf,
Dates associated with a name 1889-1945,
Relator term former owner.
Institution to which field applies DLC
710 2# - ADDED ENTRY--CORPORATE NAME
Corporate name or jurisdiction name as entry element Third Reich Collection (Library of Congress)
Institution to which field applies DLC
730 0# - ADDED ENTRY--UNIFORM TITLE
Uniform title Berater.
730 0# - ADDED ENTRY--UNIFORM TITLE
Uniform title Zeitschrift für Biochemie.

No items available.

Powered by Koha